Les équipes en PL saison 2023-2024 - Statistiques

Statistiques générales
  • Ce quiz a été pris 97 fois
  • Le résultat moyen est 14 sur 20
Statistiques - réponses
Nombre de
points
Equipe % Correct
91 Manchester City
100%
63 Chelsea
99%
60 Manchester United
99%
82 Liverpool
98%
89 Arsenal
97%
68 Aston Villa
92%
66 Tottenham
88%
52 West Ham
73%
60 NewCastle United
70%
40 Everton
67%
48 Brighton
64%
26 Luton Town
64%
49 Crystal Palace
62%
46 Wolverhampton
60%
24 Burnley
56%
32 Nottingham Forest
53%
47 Fulham
50%
16 Sheffield United
49%
39 Brentford
43%
48 Bournemouth
42%
Aucun quiz correspondant
Distribution des résultats
% des personnes avec chaque résultat
Percentile par nombre de réponses
Votre historique - résultats
Vous n’avez pas pris ce quiz